000 00550nam a2200181Ia 4500
003 OSt
005 20200821144339.0
008 190216s9999||||xx |||||||||||||| ||und||
020 _a9788120317284
040 _coclc
082 _a668.4
_bSIN/O
100 _aSinha, R
_94284
245 0 _aOutlines Of Polymer Technology:
_bManufacturer Of Polymers /
_cR Sinha
260 _bPrentice Hall Of India Pvt Ltd,
_c2002.
_aNew Delhi:
300 _a215p
650 _aChemistry-Chemistry
942 _cBK
_2ddc
_h668.4
_iSIN/O
_k668.4
_mSIN/O
999 _c2962
_d2962